000 00824cam a22002771 4500
001 3338
003 FISKH
005 20240228150020.0
008 710408s1968 enk j 000 0 eng
010 _a 68095711
015 _aB68-03701
040 _aDLC
_cDLC
_dDLC
_beng
050 0 0 _aPZ7.H87398
_bIr
082 _a823.914
100 1 _aHughes, Ted,
_d1930-1998
245 1 4 _aThe iron man:
_ba story in five nights;
_cillustrated by George Adamson.
250 _aReprinted 1969
260 _aLondon,
_bFaber,
_c1968.
300 _a59 pages :
_c22 cm.
_billustrations
505 _aM
520 _aThe fearsome iron giant becomes a hero when he challenges a huge space monster.
521 8 _a750
_bLexile
521 8 _aM
_bRaz-Plus
906 _a7
_bcbc
_corignew
_du
_eopcn
_f19
_gy-gencatlg
942 _2ddc
_cBK
_n0
999 _c3338
_d3338